| 000 | 00986cam a2200337 4500 | ||
|---|---|---|---|
| 001 | ABS61513 | ||
| 008 | 000000n1999 000 0 eng u | ||
| 035 | _a(Sirsi) u101631 | ||
| 245 | _aFocus '99: West Scotland | ||
| 260 | _c1999 | ||
| 490 |
_aEstates Gazette _v(9944) 6 November 1999, 81-113(17) |
||
| 590 | _aABS | ||
| 650 | _aWEST SCOTLAND | ||
| 650 | _aGLASGOW | ||
| 650 | _aPROPERTY-COMMERCIAL PROPERTY-OFFICE PROPERTY-OFFICE PROPERTY MARKET | ||
| 650 | _aINDUSTRIAL MARKET | ||
| 650 | _aRENTS | ||
| 650 | _aPROPERTY-COMMERCIAL PROPERTY-RETAIL PROPERTY-RETAIL PROPERTY MARKET | ||
| 650 | _aEAST KILBRIDE | ||
| 650 | _aLEISURE MARKET | ||
| 650 | _aMULTIPLEXES | ||
| 650 | _aHOTELS | ||
| 650 | _aPUBLIC HOUSES | ||
| 650 | _aHOUSING MARKET | ||
| 650 |
_aRESIDENTIAL PROPERTY _96266 |
||
| 650 | _aRESIDENTIAL CONVERSIONS | ||
| 650 | _aDUMFRIES | ||
| 650 | _aPRESTWICK | ||
| 690 | _aPROPERTY-COMMERCIAL PROPERTY-COMMERCIAL PROPERTY MARKET | ||
| 942 | _n0 | ||
| 999 |
_c60759 _d60759 |
||